000 00676nam a2200241Ia 4500
003 OSt
005 20230524151700.0
008 210423s2013 xx 000 0 und d
020 _a978-1-107-67556-8
040 _cAL
041 _aeng
082 _a306.44 COUS
_223
100 _aCOULMAS (Florian)
_9112722
245 _aSociolinguistics: the study of speakers choices Ed 2
250 _a2
260 _aNew Delhi
_bCambridge University Press
_c2013
300 _axii,307
_bPB
365 _b2693.92
_cINR
650 _aPolitical Sociology
_9112723
650 _aSociology
_9112724
906 _achoices ; Ed ; Sociolinguistics: ; speakers ; study
942 _2ddc
_cBK
999 _c165445
_d165445